00624 2200253 4500001002100000005001500021035002000036007000300056008004100059020002200100082001200122084001800134100001500152245007800167250000600245260002900251300001200280990001300292990001300305990001300318990001300331990001300344990001300357INLIS00000000000787720251223023246 a0010-0222000159ta251223 g 0 ind  a978-602-1526-21-7 a899.221 a899.221 SOE i0 aSoedarsono1 aIN THE NAME OF LOVE :bAtas Nama Cinta Kita Menjadi Bahagia /cSoedarsono a2 aSurabaya :bLiris,c2019 a172 hlm a022.5906 a022.5907 a022.5908 a022.6502 a022.6501 a022.6500